| 000 | 01008cam a22002894a 4500 | ||
|---|---|---|---|
| 001 | 4982518 | ||
| 003 | OSt | ||
| 005 | 20241113163539.0 | ||
| 008 | 981106r20001999enka b 001 0 eng | ||
| 010 | _a 98050142 | ||
| 020 | _a0723430721 | ||
| 040 |
_aDNLM/DLC _cDLC _dDLC |
||
| 042 | _apcc | ||
| 050 | 0 | 0 |
_aQM557 _b.K47 2000 |
| 060 | 1 | 0 |
_aQS 517 _bK41a 1999 |
| 082 | 0 | 0 |
_aQS 517 K463a 1998 _221 |
| 100 | 1 |
_aKerr, Jeffrey B. _91229 |
|
| 245 | 1 | 0 | _aAtlas of Functional Histology |
| 260 |
_aLondon ; _bHarcourt Publishers, _cc2000. |
||
| 300 |
_avi, 402 p. : _bill. (chiefly col.) ; _c26 cm. |
||
| 500 | _aOriginally published: London : Mosby, 1999. | ||
| 504 | _aIncludes bibliographical references and index. | ||
| 650 | 0 |
_aHistology _xAtlases. _91230 |
|
| 906 |
_a7 _bcbc _corignew _d1 _eocip _f19 _gy-gencatlg |
||
| 942 |
_2z _cSLOAN |
||
| 999 |
_c461 _d461 |
||